[Event "New Hampshire op 50th U1900"]
[Site "New Hampshire"]
[Date "2000.??.??"]
[Round "3"]
[White "Sprout, Michael"]
[Black "Todis, Paul"]
[Result "0-1"]
[WhiteElo "1700"]
[BlackElo "1750"]
[PlyCount "80"]
[EventDate "2000.??.??"]
[EventType "swiss"]
[EventRounds "4"]
[EventCountry "USA"]
[SourceTitle "EXT 2003"]
[Source "ChessBase"]
[SourceDate "2002.11.25"]
[SourceVersion "1"]
[SourceVersionDate "2002.11.25"]
[SourceQuality "1"]

1. Nf3 Nf6 2. d4 e6 3. e3 b6 4. Nbd2 Bb7 5. Bd3 c5 6. 0-0 Be7 7. a3 0-0 8. c4 d6 9. b3 Nbd7 10. Bb2 d5 11. Ne5 dxc4 12. Ndxc4 b5 13. Nxd7 Nxd7 14. Nd2 a6 15. Qe2 cxd4 16. Bxd4 Bf6 17. Bxf6 Qxf6 18. Be4 Bxe4 19. Nxe4 Qe5 20. f3 f5 21. Nf2 Rac8 22. Rad1 Nb6 23. Rd3 Nd5 24. Qd2 Rc3 25. Rxc3 Qxc3 26. Qxc3 Nxc3 27. Re1 Rd8 28. Kf1 Rd2 29. Rc1 Nd5 30. Rc6 Nxe3+ 31. Ke1 Rc2 32. Rxe6 Nxg2+ 33. Kf1 Nf4 34. Re5 Rc1+ 35. Re1 Rxe1+ 36. Kxe1 Kf7 37. Kd2 Ke6 38. Ke3 Nd5+ 39. Kd3 g5 40. b4 h5 0-1